000
00197nam a2200109Ia 4500
100
_a
WELFY & SHARPRA
942
_c
BK
245
_a
FRIENDSHIP
260
_b
#N/A
546
_a
ENGLISH
999
_c
34611
_d
34611